000 00822nac a22002171u 4500
010 _a 87033777
020 _a0070335281 :
082 0 0 _a621.381
_bK212
090 _c3972
_d3972
100 _a20080729
245 0 0 _aHandbook of electronics calculations for engineers and technicians /
_ceditors, Milton Kaufman, Arthur H. Seidman.
250 _a2nd ed.
260 _aNew York :
_bMcGraw-Hill,1988
_cc1988.
300 _a1 v. (various pagings) :
_bill. ;
_c24 cm.
504 _aIncludes bibliographies and index.
650 0 _aElectronics
_xHandbooks, manuals, etc.
700 1 _aKaufman, Milton.
700 1 _aSeidman, Arthur H.
942 _cBB
_k621.381K212
999 _c3972
_d3972